Sử ký Tư Mã Thiên

Lịch sử các triều vua Trung Quốc từ năm 2695 - 103 trước CN và các sự kiện lớn nhỏ xảy ra trong thời gian đó về các mặt chính trị, văn hoá, xã hội của Trung Quốc cổ đại

Αποθηκεύτηκε σε:
Λεπτομέρειες βιβλιογραφικής εγγραφής
Κύριος συγγραφέας: Tư, Mã Thiên
Μορφή: Βιβλίο
Γλώσσα:Undetermined
Έκδοση: Hà Nội Văn học 2015
Θέματα:
Ετικέτες: Προσθήκη ετικέτας
Δεν υπάρχουν, Καταχωρήστε ετικέτα πρώτοι!
Thư viện lưu trữ: Trung tâm Học liệu Trường Đại học Cần Thơ
LEADER 00912nam a2200229Ia 4500
001 CTU_197454
008 210402s9999 xx 000 0 und d
020 |c 159000 
082 |a 931.04 
082 |b Th305 
100 |a Tư, Mã Thiên 
245 0 |a Sử ký Tư Mã Thiên 
245 0 |c Tư Mã Thiên ; Phan Ngọc dịch 
260 |a Hà Nội 
260 |b Văn học 
260 |c 2015 
520 |a Lịch sử các triều vua Trung Quốc từ năm 2695 - 103 trước CN và các sự kiện lớn nhỏ xảy ra trong thời gian đó về các mặt chính trị, văn hoá, xã hội của Trung Quốc cổ đại 
650 |a China,Trung Hoa 
650 |x History,Lịch sử 
650 |y Han dynasty, 202B.C.-220A.D.,Nhà Hán 202B.C.-220A.D. 
904 |i Bằng 
980 |a Trung tâm Học liệu Trường Đại học Cần Thơ